000 01407nam a2200373 a 4500
001 000280
003 DO-SdBNP
005 20180309133522.0
007 0000280
008 150130s2008 dr abc 000 0 spa d
020 _a9789945112856
040 _aBPMSU
_bspa
_cBPMSU
092 _a372.634
_bG216c, 5to. 2008
100 1 _aGarcía Cartagena, Manuel
245 1 0 _aCaligrafía 5 :
_b[educación básica] /
_cManuel García Cartagena ; ilustración Ruddy Nuñez, José Amado Polanco.
260 _aSanto Domingo :
_bSantillana
_c2008
300 _a63 p. :
_bil. ;
_c28 cm.
490 1 _aCoral
505 1 _tCon buena letra --
_tEscribir es un arte --
_tEscribir es crear --
_tJuegos de palabras --
_tEres como escribes --
_tLetras que triunfan --
_tLa aventura de escribir --
_tEscritura fabulosa --
_t¿Escribes a diario? --
_tTeatro de letras --
650 _aCALIGRAFÍA
_xENSEÑANZA CORRECTIVA
650 _aCALIGRAFÍA
_xENSEÑANZA BÁSICA
650 _aCALIGRAFÍA
_xEDUCACIÓN PRIMARIA
650 _aCALIGRAFÍA
_xLIBROS DE TEXTO
650 _aEDUCACIÓN PRIMARIA
_zREPÚBLICA DOMINICANA
650 _aCALIGRAFÍA
_xESTUDIOS Y EJERCICIOS
700 1 2 _aNúñez, Ruddy
_eil.
700 1 _aPolanco, José Amado
_eil.
700 1 _aSandoval, Ramón
_eil.
830 0 _aCoral
910 _a00144
942 _2ddc
_cBK
945 _aRemanejado para la Bib. BNPHU, 2018/ YL
956 _aYLOCKWARD
_b10
999 _c9758
_d9758